000 00622nam a2200205Ia 4500
005 20260429112255.0
008 260429s9999||||xx |||||||||||||| ||und||
020 _a9781032233000
041 _aEnglish
082 _a344.046
_bSEG
100 _aSegger, Marie-Claire Cordonier
245 0 _aRoutledge handbook of climate law and governance :
_bcourage, contributions and compliance /
_cMarie-Claire Cordonier Segger
250 _a1st ed.
260 _aLondon :
_bRoutledge,
_c2025.
300 _axliv, 433 p.; hb
650 _a Governance
650 _aClimate change
700 _a Voigt, Christina
942 _cTB
999 _c53254
_d53254